Hodnocení informačních zdrojů pro investora na Burze cenných papírů Praha

Informačné zdroje pre investorov na burze v ČR. Producenti a prevádzkovatelia. Informačné on-line systémy v Českej republike. (ABACUS 2000, Aspekt Kilcullen, ČEKIA, ČTI, ČTK, Internet, Reuters, Tanger, Tenfore). Posudzovanie zdrojov informácií. Kritériá hodnotenia. Hodnotenia podľa súčtovej metódy....

Descrizione completa

Salvato in:
Dettagli Bibliografici
Autore principale: Chvojka, J.
Natura: Capitolo di libro
Lingua:ceco
Soggetti:
Tags: Aggiungi Tag
Nessun Tag, puoi essere il primo ad aggiungerne!!

MARC

LEADER 00000naa a2200000 4500
001 r028034
005 20230927130028.8
041 0 |a cze 
044 |a CZ 
245 1 0 |a Hodnocení informačních zdrojů pro investora na Burze cenných papírů Praha  |c J. Chvojka 
520 |a Informačné zdroje pre investorov na burze v ČR. Producenti a prevádzkovatelia. Informačné on-line systémy v Českej republike. (ABACUS 2000, Aspekt Kilcullen, ČEKIA, ČTI, ČTK, Internet, Reuters, Tanger, Tenfore). Posudzovanie zdrojov informácií. Kritériá hodnotenia. Hodnotenia podľa súčtovej metódy. Hodnotenie podľa metódy Promethee. 
610 2 0 |a zdroje informácií 
610 2 0 |a burzy 
610 2 0 |a Česko 
610 2 0 |a investori 
610 2 0 |a BCP Praha 
610 2 0 |a trh kapitálový 
610 2 0 |a informácie 
100 1 |a Chvojka, J.